[Event "Wch U14 Girls"]
[Site "Montesilvano"]
[Date "2023.11.20"]
[Round "7"]
[White "Stefan, Iulia Cristiana"]
[Black "Aswinika Mani, R."]
[Result "1/2-1/2"]
[WhiteElo "1748"]
[BlackElo "1472"]
[PlyCount "76"]
[EventDate "2023.11.13"]
[EventType "swiss"]
[EventRounds "11"]
[EventCountry "ITA"]
[SourceTitle "CB48_2023"]
[SourceDate "2023.11.29"]
[SourceVersion "1"]
[SourceVersionDate "2023.11.29"]
[SourceQuality "1"]

1. d4 d5 2. Nf3 Nf6 3. Bf4 e6 4. e3 Bd6 5. Ne5 0-0 6. Nd2 c5 7. c3 c4 8. b3 b5 9. a4 b4 10. bxc4 bxc3 11. Nb1 c2 12. Qxc2 Bb4+ 13. Nd2 Ne4 14. Nef3 g5 15. Bxb8 Rxb8 16. Bd3 Bc3 17. Ra2 Bxd2+ 18. Nxd2 Nxd2 19. Kxd2 e5 20. dxe5 Be6 21. c5 d4 22. Rb2 dxe3+ 23. Kxe3 Qd5 24. Rxb8 Qxe5+ 25. Kd2 Rxb8 26. Re1 Qf4+ 27. Ke2 Re8 28. Kf1 Qxh2 29. Re3 Qh1+ 30. Ke2 Qxg2 31. Bxh7+ Kg7 32. Bf5 Qd5 33. Qc3+ f6 34. Bxe6 Rxe6 35. Rxe6 Qxe6+ 36. Kf1 Kf7 37. Qb4 Qd5 38. Qc3 Qd1+ 1/2-1/2

[Event "Wch U14 Girls"]
[Site "Montesilvano"]
[Date "2023.11.15"]
[Round "3"]
[White "Derlich, Sarah Sima"]
[Black "Aswinika Mani, R."]
[Result "0-1"]
[WhiteElo "1745"]
[BlackElo "1472"]
[PlyCount "86"]
[EventDate "2023.11.13"]
[EventType "swiss"]
[EventRounds "11"]
[EventCountry "ITA"]
[SourceTitle "CB48_2023"]
[SourceDate "2023.11.29"]
[SourceVersion "1"]
[SourceVersionDate "2023.11.29"]
[SourceQuality "1"]

1. e4 c5 2. Nf3 d6 3. Bb5+ Bd7 4. Bxd7+ Qxd7 5. c4 Nf6 6. Nc3 g6 7. d4 cxd4 8. Nxd4 Bg7 9. 0-0 0-0 10. f3 Rc8 11. b3 d5 12. e5 Ne8 13. Nxd5 e6 14. Nc3 Bxe5 15. Nde2 b5 16. Rb1 bxc4 17. b4 Qc7 18. f4 Rd8 19. Qc2 Bg7 20. Be3 Nd6 21. Rfd1 Nc6 22. b5 Nf5 23. bxc6 Nxe3 24. Rxd8+ Rxd8 25. Qe4 Nd5 26. Qxc4 Nxc3 27. Nxc3 Rc8 28. Rd1 Qb6+ 29. Kf1 Rxc6 30. Rd8+ Bf8 31. Qd3 Rxc3 32. Rxf8+ Kxf8 33. Qxc3 Qb1+ 34. Kf2 Qxa2+ 35. Kg3 h5 36. Qb4+ Kg8 37. Qb8+ Kh7 38. Qc7 Qb3+ 39. Kh4 e5 40. Qxe5 Qe6 41. Qg5 Qg4+ 42. Qxg4 hxg4 43. Kxg4 a5 0-1

[Event "IND-ch U14 Girls 34th"]
[Site "Ahmedabad"]
[Date "2022.05.11"]
[Round "6"]
[White "Aswinika Mani, R."]
[Black "Rout, Yashita"]
[Result "1/2-1/2"]
[WhiteElo "1408"]
[BlackElo "1718"]
[PlyCount "77"]
[EventDate "2022.05.09"]
[EventType "swiss"]
[EventRounds "11"]
[EventCountry "IND"]
[SourceTitle "EXT 2023"]
[Source "ChessBase"]
[SourceDate "2022.10.05"]
[SourceVersion "1"]
[SourceVersionDate "2022.10.05"]
[SourceQuality "1"]

1. e4 e5 2. Nf3 Nc6 3. Bc4 Bc5 4. c3 Nf6 5. d3 d6 6. h3 a6 7. b4 Ba7 8. a4 h6 9. Qb3 Qe7 10. Be3 Bxe3 11. fxe3 Nd8 12. Nbd2 Be6 13. 0-0-0 Bxc4 14. Nxc4 Ne6 15. Rhf1 Qd7 16. d4 b5 17. axb5 axb5 18. Ncxe5 dxe5 19. dxe5 Qc6 20. exf6 gxf6 21. Kb2 Qxe4 22. Qd5 Qxd5 23. Rxd5 c6 24. Rf5 Ke7 25. Nd2 Rhg8 26. g4 Rgd8 27. Ne4 Ng5 28. Nxg5 hxg5 29. R1f2 Rd6 30. e4 Re6 31. e5 Rxe5 32. Rxf6 Re2+ 33. Rxe2+ Kxf6 34. Rf2+ Ke6 35. Kb3 Ra1 36. Re2+ Kd6 37. Rf2 Ke6 38. Re2+ Kf6 39. Rf2+ 1/2-1/2

[Event "Wch U10 Girls"]
[Site "Weifang"]
[Date "2019.08.28"]
[Round "7"]
[White "Kirtadze, Anastasia"]
[Black "Aswinika Mani, R."]
[Result "1/2-1/2"]
[WhiteElo "1532"]
[BlackElo "1242"]
[PlyCount "141"]
[EventDate "2019.08.21"]
[EventType "swiss"]
[EventRounds "11"]
[EventCountry "CHN"]
[SourceTitle "EXT 2020"]
[Source "ChessBase"]
[SourceDate "2019.10.17"]
[SourceVersion "1"]
[SourceVersionDate "2019.10.17"]
[SourceQuality "1"]

1. d4 c5 2. d5 e6 3. c4 exd5 4. cxd5 d6 5. Nc3 Nf6 6. e4 g6 7. Nf3 Bg7 8. Bd3 0-0 9. 0-0 Bg4 10. h3 Bxf3 11. Qxf3 a6 12. a4 Nfd7 13. Qe2 Ne5 14. f4 Nxd3 15. Qxd3 Re8 16. Kh1 Nd7 17. Bd2 Rc8 18. b3 c4 19. bxc4 Nc5 20. Qc2 Bxc3 21. Bxc3 Nxe4 22. Bb2 Ng3+ 23. Kh2 Nxf1+ 24. Rxf1 Qe7 25. Rf2 f6 26. Qc3 Rc7 27. Rf3 b5 28. axb5 axb5 29. Qb3 bxc4 30. Qc3 Rb7 31. Qd4 Rb5 32. Bc3 Rc5 33. Bb4 Rc7 34. Bc3 Qf7 35. Bb4 Qe7 36. Bc3 Qf8 37. Rg3 Rce7 38. f5 Re4 39. Qd2 Qg7 40. fxg6 hxg6 41. Rf3 Rf8 42. Qb2 Rh4 43. Bxf6 Rxf6 44. Rxf6 Kh7 45. Qf2 Qh6 46. Rf7+ Kg8 47. Rf3 Re4 48. Qc2 Qh4 49. Qb2 Qe7 50. Rg3 Kh7 51. Qf2 Qg7 52. Qf3 Rd4 53. Qe2 c3 54. Qc2 Rd2 55. Qc1 Qe5 56. Qxc3 Qxc3 57. Rxc3 Rxd5 58. Kg3 Kg7 59. Kf4 Kf6 60. Ke4 Re5+ 61. Kf4 Rf5+ 62. Ke4 Re5+ 63. Kd4 Ke6 64. Rg3 Kf6 65. Rf3+ Ke6 66. g4 Rd5+ 67. Kc4 Rc5+ 68. Kd4 Rd5+ 69. Ke4 Re5+ 70. Kd4 Rd5+ 71. Ke4 1/2-1/2